000
00330 a2200133 4500
000
nam a22 7a 4500
100
_a
Mcluhan
110
_a
Mcluhan
245
_a
Encyclopedia of forensic science
250
_a
Latest edition
260
_b
brilliance publishing
_c
2027
264
_b
brilliance publishing
_c
2027
942
_c
BK
999
_c
394395
_d
394395